Normal view MARC view

Entry Personal Name

Number of records used in: 1

001 - CONTROL NUMBER

  • control field: 43739

003 - CONTROL NUMBER IDENTIFIER

  • control field: dpl

005 - DATE AND TIME OF LATEST TRANSACTION

  • control field: 20120312165507.0

008 - FIXED-LENGTH DATA ELEMENTS

  • fixed length control field: 120312|||a|||||| | ||| d

040 ## - CATALOGING SOURCE

  • Original cataloging agency: dpl
  • Transcribing agency: dpl

100 ## - HEADING--PERSONAL NAME

  • Personal name: सिन्हा,पुष्पा

670 ## - SOURCE DATA FOUND

  • Source citation: Work cat.: (dpl): सिन्हा,पुष्पा, बिहार की प्ाचीन हिन्दू प्रतिमाएँ /, 2010

670 ## - SOURCE DATA FOUND

  • Source citation: Work cat.: (dpl): सिन्हा,पुष्पा, बिहार की प्ाचीन हिन्दू प्रतिमाएँ /, 2010

© Delhi Public Library
Hit Counter
free hit counter